| 000 | 01372nam a22003617a 4500 | ||
|---|---|---|---|
| 003 | CHAP | ||
| 005 | 20220329140053.0 | ||
| 008 | 971013s1949 r 00010 d | ||
| 010 | _a46512 | ||
| 011 | _a47484 | ||
| 035 | _a51626 | ||
| 040 | _cCHAP | ||
| 082 |
_a631.7 _bT46 |
||
| 100 | 0 | 0 |
_aThorne, David Wynne. _9112970 |
| 245 | _aIrrigated soils, their fertility and management | ||
| 260 |
_aPhyladelphia : _bBlakiston, _c1949 |
||
| 300 |
_a288 p. _b: ilus. |
||
| 590 |
_aBATCH-UPD _b10 _c20130110 _lUCH01 _h1109 |
||
| 590 |
_aBATCH-UPD _b10 _c20130410 _lUCH01 _h0700 |
||
| 590 |
_aBATCH-UPD _b10 _c20130914 _lUCH01 _h1655 |
||
| 590 |
_aCONVERSION _b10 _c20130109 _lUCH01 _h1325 |
||
| 650 | 1 | 4 |
_aIrrigación. _960366 |
| 700 | 0 |
_aPeterson, H. B. _987619 |
|
| 901 | _aBK | ||
| 942 | _cLIBRO | ||
| 949 |
_a631.7 T46 _bBC _cLIBRO _d33724000169603 _eLIBRO _h21879 _i51626 _si |
||
| 949 |
_a631.7 T46 _bBC _cLIBRO _d33724000169611 _eLIBRO _fc.2 _h21880 _i51626 _si |
||
| 949 |
_a631.7 T46 _bBC _cLIBRO _d33724000169629 _eLIBRO _fc.3 _h21881 _i51626 _si |
||
| 949 |
_a631.7 T46 _bBC _cLIBRO _d33724000169637 _eLIBRO _fc.4 _h21882 _i51626 _si |
||
| 949 |
_a631.7 T46 _bBC _cLIBRO _d33724000169645 _eLIBRO _fc.5 _h21883 _i51626 _si |
||
| 949 |
_a631.7 T46 _bBC _cLIBRO _d33724000169652 _eLIBRO _fc.6 _h16310 _i51626 _si |
||
| 949 |
_a631.7 T46 _bBC _cLIBRO _d33724000169660 _eLIBRO _fc.7 _h51511 _i51626 _mD. Ing. Acosta _si |
||
| 999 |
_c46512 _d46512 |
||